Comunidad Tsáchila (Registro nro. 8471)

Detalles MARC
000 -CABECERA
Campo de control 00778nam a22002297a 4500
005 - FECHA Y HORA DE LA ULTIMA TRANSACCION
Campo de control 20140606125155.0
008 - ELEMENTOS DE LONGITUD FIJA—INFORMACION GENERAL
Campo de control 140606b xxu||||| |||| 00| 0 spa d
041 ## - IDIOMA
Código de idioma para texto/pista de sonido o título separado Español
044 ## - PAÍS DE PUBLICACIÓN
País de publicación Ecuador
082 04 - NUMERO DE CLASIFICACION DECIMAL DEWEY
Número de clasificación 986.90
090 ## - CLASIFICACIÓN LOCAL
Colección FG
245 00 - MENCION DE TITULO
Título Comunidad Tsáchila
260 ## - PUBLICACION, DISTRIBUCION, ETC. (PIE DE IMPRENTA)
Lugar de publicación, distribución, etc. Quito, (Ecuador)
Nombre del editor, distribuidor, etc. Instituto Ecuatoriano de la Propiedad Intelectual
Fecha de publicación, distribución, etc. 2014
300 ## - DESCRIPCION FISICA
Extensión 13 p.
Otros detalles físicos fot, color, realia
Dimensiones 30 cm.
505 ## - NOTA DE CONTENIDO
Nota de contenido Población y organización social.<br/>Relación con la naturaleza<br/>Prácticas lúdicas<br/>Prácticas alimenticias
546 ## - NOTA DE IDIOMA
Nota de idioma En Español y Tsafiqu
650 #6 - ASIENTO SECUNDARIO DE MATERIA - TERMINO TEMATICO
Término temático o nombre geográfico como elemento de entrada Indígenas de Ecuador
Subdivisión general vida y costumbres
650 #6 - ASIENTO SECUNDARIO DE MATERIA - TERMINO TEMATICO
Término temático o nombre geográfico como elemento de entrada Cultura tsachila
700 0# - ASIENTO SECUNDARIO - NOMBRE PERSONAL
Nombre personal Aviles, Manuel
Término de relación fot.
700 0# - ASIENTO SECUNDARIO - NOMBRE PERSONAL
Nombre personal Calazacón, Henrry
Término de relación tr.
942 ## - ELEMENTOS ADICIONALES (KOHA)
Sistema de clasificación Local
Tipo de ítem Folleto
Existencias
Withdrawn status Lost status Sistema de Clasificación Damaged status No para préstamo Colección Inventariado Ubicación Permanente Ubicación actual Fecha de adquisición Total Checkouts Número topográfico Inventario / Código de Barras Date last seen Ejemplar Price effective from Forma de adquisición Tipo de material
    Local     General Inventariado 2017 Bogotá Bogotá 06/06/2014   FG-0010 038084 06/06/2014 Ej. 1 06/06/2014   Folleto